1909 1541 1511 1461 1425 1773 1494 1250 1345 1184 1997 1500 1318 1989 1036 1126 1953 1836 1807 1573 1868 1332 1880 1231 1825 1524 1508 1313 1328 1862 1020 1310 1656 1436 1442 1695 1354 1672 1609 1459 1318 1256 1007 1652 1871 1700 1501 1865 1156 1620 1309 1908 1341 1898 1481 1385 1339 1625 1210 1682 1790 1974 1392 1448 1138 1146 1383 1111 1633 1675 1366 1914 1701 1051 1816 1994 1115 1897 1805 1055 1414 1390 1256 1522 1511 1002 1257 1583 1456 1870 1367 1878 1831 1991 1119 1578 1248 1331 1470 BCNSPRNW ULIB Ver.6.0+V

เปลี่ยนเป็นภาษาไทย

Change to English
 แสดงรายละเอียดบรรณานุกรม
  กลับหน้าหลัก

Brief Record : Get Marc (ISO 2709) : E-mail record : QR code < ปิดหน้าต่าง
LEADER : 00000nam 2200000uu 4500
001    13399113581
003     ULIB
008    110627s2553||||th 000 0 tha d
020    9786160601547
090    นว.^bไม่พบรหัส 2553
100 0  Tiara
245 00 ความรู้สึกดีที่เรียกว่ารัก : กับดักรัก/^cTiara
250    พิมพ์ครั้งที่ 1
260    กรุงเทพฯ :^bแจ่มใส,^c2553
300    300 หน้า
710 1  แจ่มใส
945    ^p189^l0^i028060
995    ทศพร
999 ^a ใช้งานได้ทุกระบบ
รายการนี้ยังไม่มีแท็ก
คุณยังไม่ได้ล็อกอิน คุณสามารถมีกิจกรรมร่วมกับเว็บไซต์ได้ แต่ต้องล็อกอินก่อน ::
  ล็อกอิน

รายการสื่อสารสนเทศ

ลำดับที่ ประเภท เลขเรียก/บาร์โค้ด สถานที่ สถานะ
1. นวนิยาย
นวนิยาย
นว. ไม่พบรหัส 2553 ฉ.1 
  Barcode: 028060
ห้องสมุดวิทยาเขตสวรรค์ประชารักษ์
►นวนิยาย
บนชั้น
  ขอยืม

รายการใกล้เคียง
    ผู้แต่ง [Tiara]

BibComment


ยังไม่เคยถูกคอมเมนท์

คอมเมนท์ทรัพยากรรายการนี้
  คอมเมนท์: ความรู้สึกดีที่เร..


 Copyright 2026. Bcnsprnw @Library